| 000 | 00000nam##2200000za#4500 |
| 001 | 9.570424 |
| 003 | CaOODSP |
| 005 | 20220302142609 |
| 007 | cr ||||||||||| |
| 008 | 150406|2006||||xxc|||||o f|0| 0 eng|d |
| 040 | |aCaOODSP|beng |
| 043 | |an-cn--- |
| 086 | 1 |aIu182-2/2006-A-12E-PDF |
| 110 | 1 |aCanada. |bIndustry Canada. |bMicro-Economic Policy Analysis Branch. |
| 245 | 14|aThe effect of workforce aging on labour market institutions and workplace human resource practices in Canada / |h[electronic resource]|c[by] Rafael Gomez, Morley Gunderson. |
| 260 | |aOttawa - Ontario : |bIndustry Canada. |
| 300 | |a76p.|bgraphs, references, tables |
| 490 | 1 |aSkills Research Initiative - Working paper series|v2006 A-12 |
| 546 | |a(Résumé en français.) |
| 590 | |a12-10-Supp|b2012-03-23 |
| 720 | 1 |aGunderson, Morley |
| 720 | 1 |aGomez, Rafael |
| 830 | #0|aSkills Research Initiative working paper series ;|v2006 A-12|w(CaOODSP)9.506390 |
| 856 | 40|ahttp://publications.gc.ca|qPDF|s618 KB|uhttps://publications.gc.ca/collections/collection_2011/ic/Iu182-2-2006-A-12-eng.pdf|y2006 A-12 |
| 986 | |aIC 60133 |